000 00975nmm a2200289 a 4500
001 ocm0002347224
003 TR-IsHL
005 20201028184146.0
008 150216s2007 tu tur
007 cr cn
020 _a9789944394277
035 _a2347224
_b(N$T)
050 0 4 _aPR6053.O48645
_bD3719 2007
090 0 4 _aPR6053.O48645
_bD3719 2007
100 1 _aConnolly, John
245 1 0 _aKaranlık çukur
_h[electronic resource] /
_cJohn Connolly ; çev. Gizem Genç
260 _aİstanbul :
_bAltın Bilek Yayınları,
_c2007
300 _a489 p.
500 _aEserin özgün adı : Dark hollow
_x
650 4 _aDil ve Edebiyat
650 4 _aLanguage and Literature
650 0 _aİngiliz romanı
650 0 _aEnglish fiction
650 7 _aLITERARY COLLECTIONS / European / English, Irish, Scottish, Welsh
_2bisacsh
700 1 _aGenç, Gizem
856 4 0 _uhttp://search.ebscohost.com/login.aspx?direct=true&scope=site&db=e011xww&AN=2347224
999 _c20872
_d20872